The Enchantment of Democracy and India: (Record no. 211808)

MARC details
000 -LEADER
fixed length control field 00595nam a22001937a 4500
005 - DATE AND TIME OF LATEST TRANSACTION
control field 20250616120230.0
010 ## - LCCN (DPL NO)
LC control number ENG-145380
020 ## - INTERNATIONAL STANDARD BOOK NUMBER
International Standard Book Number 97881789243597
Terms of availability 395.00
035 ## - SYSTEM CONTROL NUMBER
System control number EN-128912
037 ## - SOURCE OF ACQUISITION
Source of stock number/acquisition DBAD
082 14 - DEWEY DECIMAL CLASSIFICATION NUMBER
Classification number 320.954
Edition number 1
100 1# - MAIN ENTRY--PERSONAL NAME
Personal name Kaviraj, Sudipta
245 ## - TITLE STATEMENT
Title The Enchantment of Democracy and India:
Remainder of title Politics and ideas/
Statement of responsibility, etc Sudipta Kaviraj
250 ## - EDITION STATEMENT
Edition statement 1
260 ## - PUBLICATION, DISTRIBUTION, ETC. (IMPRINT)
Place of publication, distribution, etc Delhi
Name of publisher, distributor, etc Permanent Black
Date of publication, distribution, etc 2012
270 ## - ADDRESS
Address D-28, Oxford Apartments, 11, I.P. Extension
City Delhi
Postal code 110092
300 ## - PHYSICAL DESCRIPTION
Extent 344p.
Dimensions 22cm(pbk)
942 ## - ADDED ENTRY ELEMENTS (KOHA)
Institution code [OBSOLETE] dpl
Item type English Books
Source of classification or shelving scheme Dewey Decimal Classification
Classification part 320.954
Call number suffix KAV
Holdings
Withdrawn status Lost status Not for loan Collection code Home library Current library Date acquired Source of acquisition Cost, normal purchase price Full call number Barcode Copy number Cost, replacement price Koha item type
      Non-fiction Mobile Library Mobile Library 16/06/2025 Delivery of Books Act Division 395.00 320.954 KAV EN-128912 1 395.00 English Books

© Delhi Public Library
Hit Counter
free hit counter